000 01194nam a2200289 i 4500
001 bg
100 1 _aMALIK, Ireneusz
245 1 0 _aRola lasu nadrzecznego w kształtowaniu koryta rzeki meandrującej na przykładzie Małej Panwi (Równina Opolska) /
_cIreneusz Malik.
260 _aKatowice :
_bWydawnictwo Uniwersytetu Śląskiego,
_c2004.
300 _a94, [2] s., [12] k. tabl. kolor. :
_bfot., mapy, rys., wykr. ;
_c24 cm.
490 1 _aPrace Naukowe Uniwersytetu Śląskiego,
_x0208-6336 ;
_vnr 2245
500 _aStreszcz. ang., niem.
650 9 _aLas
_xa rzeki
650 9 _aRzeki
_xgeologia
_zPolska
651 9 _aMała Panew (dolina)
_xgeologia
651 9 _aMała Panew (dolina)
_xflora
651 9 _aMała Panew (dolina)
_xgeografia fizyczna
830 _aPrace Naukowe Uniwersytetu Śląskiego,
_x0208-6336 ;
020 _a8322613679
040 _cBPK
041 0 _apol
_bengger
080 _a556.5:551.43:630.16](438):913(438)A/Z:911.2
920 _a83-226-1367-9
942 _cKS
008 s pl f |000 0 pol
999 _c53351
_d53351
856 _uhttp://koha.tu.koszalin.pl/cgi-bin/koha/opac-detail.pl?biblionumber=53351
_yKatalog online BPK